[Event "CECLUB Segunda División"]
[Site "Linares"]
[Date "2017.08.11"]
[Round "6"]
[White "Vila Gazquez, Xavier"]
[Black "Claros Egea, Christian"]
[Result "1-0"]
[Board "3"]
[WhiteTitle "GM"]
[WhiteElo "2483"]
[WhiteCountry "ESP"]
[WhiteFideId "2261090"]
[WhiteEloChange "2"]
[BlackElo "2227"]
[BlackCountry "ESP"]
[BlackFideId "2260468"]
[BlackEloChange "-4"]

1. Nf3 {[%clk 1:30:30]} c5 {[%clk 1:30:30]} 2. g3 {[%clk 1:30:30]} Nf6 {[%clk
1:30:30]} 3. Bg2 {[%clk 1:30:30]} g6 {[%clk 1:30:30]} 4. O-O {[%clk 1:30:30]} Bg7
{[%clk 1:30:30]} 5. c4 {[%clk 1:30:30]} d5 {[%clk 1:30:30]} 6. cxd5 {[%clk
1:30:30]} Nxd5 {[%clk 1:30:30]} 7. d4 {[%clk 1:30:30]} cxd4 {[%clk 1:30:30]} 8.
Nxd4 {[%clk 1:30:30]} O-O {[%clk 1:30:30]} 9. Nb5 {[%clk 1:30:30]} a6 {[%clk
1:30:30]} 10. Bxd5 {[%clk 1:30:30]} axb5 {[%clk 1:30:30]} 11. Qb3 {[%clk
1:30:30]} Nc6 {[%clk 1:30:30]} 12. Be3 {[%clk 1:30:30]} Na5 {[%clk 1:30:30]} 13.
Qxb5 {[%clk 1:30:30]} Bd7 {[%clk 1:30:30]} 14. Qb4 {[%clk 1:30:30]} Nc6 {[%clk
1:30:30]} 15. Qd2 {[%clk 1:30:30]} Be6 {[%clk 1:30:30]} 16. Bxe6 {[%clk 1:30:30]}
Qxd2 {[%clk 1:30:30]} 17. Nxd2 {[%clk 1:30:30]} fxe6 {[%clk 1:30:30]} 18. Rfb1
{[%clk 1:30:30]} Nb4 {[%clk 1:30:30]} 19. a4 {[%clk 1:30:30]} Nc2 {[%clk
1:30:30]} 20. Ra2 {[%clk 1:30:30]} b5 {[%clk 1:30:30]} 21. Bc5 {[%clk 1:30:30]}
Rfd8 {[%clk 1:30:30]} 22. Nf3 {[%clk 1:30:30]} Rxa4 {[%clk 1:30:30]} 23. Rxa4
{[%clk 1:30:30]} bxa4 {[%clk 1:30:30]} 24. Rc1 {[%clk 1:30:30]} Bxb2 {[%clk
1:30:30]} 25. Rxc2 {[%clk 1:30:30]} a3 {[%clk 1:30:30]} 26. Bxa3 {[%clk 1:30:30]}
Bxa3 {[%clk 1:30:30]} 27. Rc3 {[%clk 1:30:30]} Bd6 {[%clk 1:30:30]} 28. Re3
{[%clk 1:30:30]} e5 {[%clk 1:30:30]} 29. Nxe5 {[%clk 1:30:30]} Bxe5 {[%clk
1:30:30]} 30. Rxe5 {[%clk 1:30:30]} Kf7 {[%clk 1:30:30]} 31. Kg2 {[%clk 1:30:30]}
Rd2 {[%clk 1:30:30]} 32. g4 {[%clk 1:30:30]} h6 {[%clk 1:30:30]} 33. h4 {[%clk
1:30:30]} Kf6 {[%clk 1:30:30]} 34. Re4 {[%clk 1:30:30]} e6 {[%clk 1:30:30]} 35.
e3 {[%clk 1:30:30]} Ra2 {[%clk 1:30:30]} 36. Rf4+ {[%clk 1:30:30]} Kg7 {[%clk
1:30:30]} 37. Rb4 {[%clk 1:30:30]} Kf6 {[%clk 1:30:30]} 38. Rb7 {[%clk 1:30:30]}
Ra4 {[%clk 1:30:30]} 39. Kg3 {[%clk 1:30:30]} h5 {[%clk 1:30:30]} 40. g5+ {[%clk
1:30:30]} Ke5 {[%clk 1:30:30]} 41. f3 {[%clk 1:30:30]} Ra1 {[%clk 1:30:30]} 42.
Rg7 {[%clk 1:30:30]} Rg1+ {[%clk 1:30:30]} 43. Kh2 {[%clk 1:30:30]} Rf1 {[%clk
1:30:30]} 44. Kg2 {[%clk 1:30:30]} Re1 {[%clk 1:30:30]} 45. Rxg6 {[%clk 1:30:30]}
Rxe3 {[%clk 1:30:30]} 46. Rh6 {[%clk 1:30:30]} Kf4 {[%clk 1:30:30]} 47. Rf6+
{[%clk 1:30:30]} Ke5 {[%clk 1:30:30]} 48. Kg3 {[%clk 1:30:30]} Re1 {[%clk
1:30:30]} 49. Rh6 {[%clk 1:30:30]} Rg1+ {[%clk 1:30:30]} 50. Kh2 {[%clk 1:30:30]}
Ra1 {[%clk 1:30:30]} 51. Rxh5 {[%clk 1:30:30]} Kf4 {[%clk 1:30:30]} 52. g6 {[%clk
1:30:30]} Ra2+ {[%clk 1:30:30]} 53. Kh3 {[%clk 1:30:30]} Kxf3 {[%clk 1:30:30]}
54. Rg5 {[%clk 1:30:30]} 1-0

[Event "CECLUB Segunda División"]
[Site "Linares"]
[Date "2017.08.11"]
[Round "6"]
[White "Martin Carmona, Gaston Manuel"]
[Black "Alonso Moyano, Jonathan"]
[Result "0-1"]
[Board "4"]
[WhiteElo "2205"]
[WhiteCountry "ESP"]
[WhiteFideId "22284567"]
[WhiteEloChange "-5"]
[BlackTitle "IM"]
[BlackElo "2404"]
[BlackCountry "ESP"]
[BlackFideId "2216019"]
[BlackEloChange "2"]

1. e4 {[%clk 1:30:17]} c5 {[%clk 1:30:48]} 2. Nf3 {[%clk 1:29:44]} d6 {[%clk
1:31:10]} 3. d4 {[%clk 1:30:05]} Nf6 {[%clk 1:31:32]} 4. Nc3 {[%clk 1:30:28]}
cxd4 {[%clk 1:31:54]} 5. Nxd4 {[%clk 1:30:18]} a6 {[%clk 1:32:18]} 6. h3 {[%clk
1:29:24]} e5 {[%clk 1:30:06]} 7. Nde2 {[%clk 1:29:27]} h5 {[%clk 1:26:19]} 8. Bg5
{[%clk 1:29:05]} Be7 {[%clk 1:25:57]} 9. Qd3 {[%clk 1:23:11]} Nbd7 {[%clk
1:21:47]} 10. O-O-O {[%clk 1:18:33]} b5 {[%clk 1:17:49]} 11. a3 {[%clk 1:08:31]}
Bb7 {[%clk 1:09:51]} 12. Bxf6 {[%clk 1:04:59]} Nxf6 {[%clk 1:10:08]} 13. Ng3
{[%clk 1:04:15]} g6 {[%clk 1:09:51]} 14. Be2 {[%clk 1:03:57]} Qb6 {[%clk
1:05:29]} 15. Nf1 {[%clk 0:46:56]} b4 {[%clk 1:05:18]} 16. axb4 {[%clk 0:46:33]}
Qxb4 {[%clk 1:05:43]} 17. Nd2 {[%clk 0:45:16]} O-O {[%clk 1:03:31]} 18. h4 {[%clk
0:35:55]} Rab8 {[%clk 1:00:46]} 19. Qc4 {[%clk 0:27:22]} Qb6 {[%clk 0:58:34]} 20.
Qa2 {[%clk 0:25:57]} d5 {[%clk 0:43:54]} 21. exd5 {[%clk 0:23:33]} Nxd5 {[%clk
0:43:46]} 22. Nxd5 {[%clk 0:21:43]} Bxd5 {[%clk 0:44:10]} 23. Nc4 {[%clk
0:21:12]} Qxf2 {[%clk 0:38:10]} 24. Rxd5 {[%clk 0:18:31]} Qxe2 {[%clk 0:38:33]}
25. Rxe5 {[%clk 0:14:39]} Qxg2 {[%clk 0:37:41]} 26. Ree1 {[%clk 0:14:51]} Bc5
{[%clk 0:36:15]} 27. Rhf1 {[%clk 0:14:36]} Rbe8 {[%clk 0:32:41]} 28. Rd1 {[%clk
0:14:03]} Rd8 {[%clk 0:23:45]} 29. Qb3 {[%clk 0:13:01]} Rxd1+ {[%clk 0:21:34]}
30. Rxd1 {[%clk 0:13:29]} Qe4 {[%clk 0:21:39]} 31. Kb1 {[%clk 0:13:38]} Be7
{[%clk 0:18:09]} 32. Nd6 {[%clk 0:10:37]} Qf4 {[%clk 0:15:15]} 33. Qb6 {[%clk
0:10:04]} Rd8 {[%clk 0:12:52]} 0-1

[Event "CECLUB Segunda División"]
[Site "Linares"]
[Date "2017.08.11"]
[Round "6"]
[White "Moreno Trujillo, Alejandro"]
[Black "Dvirnyy, Danyyil"]
[Result "0-1"]
[Board "1"]
[WhiteTitle "IM"]
[WhiteElo "2500"]
[WhiteCountry "ESP"]
[WhiteFideId "2217880"]
[WhiteEloChange "-4"]
[BlackTitle "GM"]
[BlackElo "2558"]
[BlackCountry "ITA"]
[BlackFideId "817570"]
[BlackEloChange "4"]

1. d4 {[%clk 1:30:30]} d5 {[%clk 1:30:30]} 2. c4 {[%clk 1:30:30]} c6 {[%clk
1:30:30]} 3. Nf3 {[%clk 1:30:30]} Nf6 {[%clk 1:30:30]} 4. cxd5 {[%clk 1:30:30]}
cxd5 {[%clk 1:30:30]} 5. Nc3 {[%clk 1:30:30]} Nc6 {[%clk 1:30:30]} 6. Bf4 {[%clk
1:30:30]} a6 {[%clk 1:30:30]} 7. Rc1 {[%clk 1:30:30]} Bf5 {[%clk 1:30:30]} 8. e3
{[%clk 1:30:30]} Rc8 {[%clk 1:30:30]} 9. Be2 {[%clk 1:30:30]} e6 {[%clk 1:30:30]}
10. O-O {[%clk 1:30:30]} Nd7 {[%clk 1:30:30]} 11. Nd2 {[%clk 1:30:30]} Be7 {[%clk
1:30:30]} 12. Nb3 {[%clk 1:30:30]} O-O {[%clk 1:30:30]} 13. f3 {[%clk 1:30:30]}
Bg6 {[%clk 1:30:30]} 14. a3 {[%clk 1:30:30]} Nb6 {[%clk 1:30:30]} 15. e4 {[%clk
1:30:30]} Bf6 {[%clk 1:30:30]} 16. e5 {[%clk 1:30:30]} Be7 {[%clk 1:30:30]} 17.
Bd3 {[%clk 1:30:30]} Nc4 {[%clk 1:30:30]} 18. Rf2 {[%clk 1:30:30]} Qb6 {[%clk
1:30:30]} 19. Na4 {[%clk 1:30:30]} Qb5 {[%clk 1:30:30]} 20. Nc3 {[%clk 1:30:30]}
Nxb2 {[%clk 1:30:30]} 21. Bxb5 {[%clk 1:30:30]} Nxd1 {[%clk 1:30:30]} 22. Rxd1
{[%clk 1:30:30]} Nb8 {[%clk 1:30:30]} 23. Nc5 {[%clk 1:30:30]} Bxc5 {[%clk
1:30:30]} 24. dxc5 {[%clk 1:30:30]} axb5 {[%clk 1:30:30]} 25. Nxb5 {[%clk
1:30:30]} Rxc5 {[%clk 1:30:30]} 26. Nd6 {[%clk 1:30:30]} b6 {[%clk 1:30:30]} 27.
Be3 {[%clk 1:30:30]} Rc6 {[%clk 1:30:30]} 28. Bd4 {[%clk 1:30:30]} Nd7 {[%clk
1:30:30]} 29. Rff1 {[%clk 1:30:30]} f6 {[%clk 1:30:30]} 30. f4 {[%clk 1:30:30]}
fxe5 {[%clk 1:30:30]} 31. fxe5 {[%clk 1:30:30]} Rxf1+ {[%clk 1:30:30]} 32. Rxf1
{[%clk 1:30:30]} h6 {[%clk 1:30:30]} 33. Rf3 {[%clk 1:30:30]} Rc1+ {[%clk
1:30:30]} 34. Rf1 {[%clk 1:30:30]} Rc7 {[%clk 1:30:30]} 35. Rf3 {[%clk 1:30:30]}
Nc5 {[%clk 1:30:30]} 36. Rc3 {[%clk 1:30:30]} Ra7 {[%clk 1:30:30]} 37. Nc8 {[%clk
1:30:30]} Ra4 {[%clk 1:30:30]} 38. Nxb6 {[%clk 1:30:30]} Rxd4 {[%clk 1:30:30]}
39. Rxc5 {[%clk 1:30:30]} Be4 {[%clk 1:30:30]} 40. g3 {[%clk 1:30:30]} Rd2 {[%clk
1:30:30]} 41. Nc8 {[%clk 1:30:30]} d4 {[%clk 1:30:30]} 42. Rc4 {[%clk 1:30:30]}
Bf3 {[%clk 1:30:30]} 43. Ne7+ {[%clk 1:30:30]} Kh7 {[%clk 1:30:30]} 44. Kf1
{[%clk 1:30:30]} d3 {[%clk 1:30:30]} 45. Rf4 {[%clk 1:30:30]} Bb7 {[%clk
1:30:30]} 46. Rd4 {[%clk 1:30:30]} Rc2 {[%clk 1:30:30]} 47. Rd7 {[%clk 1:30:30]}
Bf3 {[%clk 1:30:30]} 48. Ke1 {[%clk 1:30:30]} Re2+ {[%clk 1:30:30]} 49. Kd1
{[%clk 1:30:30]} Rxh2+ {[%clk 1:30:30]} 50. Ke1 {[%clk 1:30:30]} Re2+ {[%clk
1:30:30]} 51. Kd1 {[%clk 1:30:30]} Rc2+ {[%clk 1:30:30]} 52. Ke1 {[%clk 1:30:30]}
d2+ {[%clk 1:30:30]} 53. Rxd2 {[%clk 1:30:30]} Rc7 {[%clk 1:30:30]} 54. Rf2
{[%clk 1:30:30]} Bh5 {[%clk 1:30:30]} 0-1

[Event "CECLUB Segunda División"]
[Site "Linares"]
[Date "2017.08.11"]
[Round "6"]
[White "Vega Gutierrez, Sabrina"]
[Black "Nayhebaver, Martin"]
[Result "1/2-1/2"]
[Board "2"]
[WhiteTitle "IM"]
[WhiteElo "2369"]
[WhiteCountry "ESP"]
[WhiteFideId "2219026"]
[WhiteEloChange "2"]
[BlackElo "2451"]
[BlackCountry "SVK"]
[BlackFideId "14923432"]
[BlackEloChange "-1"]

1. e4 {[%clk 1:30:27]} c5 {[%clk 1:30:34]} 2. Nf3 {[%clk 1:30:37]} d6 {[%clk
1:30:32]} 3. d4 {[%clk 1:30:53]} cxd4 {[%clk 1:30:46]} 4. Nxd4 {[%clk 1:31:00]}
Nf6 {[%clk 1:30:52]} 5. Nc3 {[%clk 1:31:20]} a6 {[%clk 1:30:58]} 6. Bg5 {[%clk
1:30:48]} e6 {[%clk 1:30:42]} 7. f4 {[%clk 1:30:39]} h6 {[%clk 1:30:33]} 8. Bh4
{[%clk 1:24:51]} Qb6 {[%clk 1:30:24]} 9. Qd2 {[%clk 1:18:10]} Qxb2 {[%clk
1:30:03]} 10. Rb1 {[%clk 1:18:32]} Qa3 {[%clk 1:30:29]} 11. f5 {[%clk 1:15:57]}
Be7 {[%clk 1:30:00]} 12. fxe6 {[%clk 1:13:34]} fxe6 {[%clk 1:29:47]} 13. Bc4
{[%clk 1:05:28]} Nxe4 {[%clk 1:25:24]} 14. Nxe4 {[%clk 1:05:41]} Bxh4+ {[%clk
1:25:48]} 15. g3 {[%clk 1:05:52]} Bg5 {[%clk 1:26:08]} 16. Nxg5 {[%clk 0:49:50]}
hxg5 {[%clk 1:26:30]} 17. Nxe6 {[%clk 0:46:36]} Bxe6 {[%clk 1:25:41]} 18. Bxe6
{[%clk 0:46:58]} Qxg3+ {[%clk 1:25:57]} 19. hxg3 {[%clk 0:47:00]} Rxh1+ {[%clk
1:26:20]} 20. Kf2 {[%clk 0:47:20]} Rh2+ {[%clk 1:26:43]} 21. Ke3 {[%clk 0:47:39]}
Rxd2 {[%clk 1:27:06]} 22. Kxd2 {[%clk 0:48:06]} Ra7 {[%clk 1:23:35]} 23. Bd5
{[%clk 0:45:50]} Nd7 {[%clk 0:28:40]} 24. Bxb7 {[%clk 0:40:46]} Ke7 {[%clk
0:26:34]} 25. Ke3 {[%clk 0:39:18]} Nc5 {[%clk 0:24:14]} 26. Bd5 {[%clk 0:39:12]}
Rc7 {[%clk 0:23:06]} 27. Rf1 {[%clk 0:34:20]} Ne6 {[%clk 0:22:02]} 28. c4 {[%clk
0:33:54]} Rc5 {[%clk 0:20:59]} 29. Ke4 {[%clk 0:19:19]} g6 {[%clk 0:20:00]} 30.
Re1 {[%clk 0:12:15]} Kd7 {[%clk 0:17:09]} 31. Rf1 {[%clk 0:10:34]} Ke7 {[%clk
0:17:35]} 32. Re1 {[%clk 0:10:55]} Nc7 {[%clk 0:17:40]} 33. Kd4+ {[%clk 0:10:19]}
Kd7 {[%clk 0:16:08]} 34. Rf1 {[%clk 0:03:20]} Nxd5 {[%clk 0:15:03]} 35. cxd5
{[%clk 0:03:49]} Ra5 {[%clk 0:15:26]} 36. Rf7+ {[%clk 0:03:49]} Ke8 {[%clk
0:15:48]} 37. Rf6 {[%clk 0:03:59]} Ra4+ {[%clk 0:16:08]} 38. Ke3 {[%clk 0:03:30]}
Ra3+ {[%clk 0:16:28]} 39. Ke4 {[%clk 0:03:52]} Ke7 {[%clk 0:15:03]} 40. Re6+
{[%clk 0:03:42]} Kd7 {[%clk 0:15:28]} 41. Rxg6 {[%clk 0:03:59]} Rxg3 {[%clk
0:15:22]} 42. Rg7+ {[%clk 0:04:26]} Kc8 {[%clk 0:15:32]} 43. a4 {[%clk 0:01:59]}
g4 {[%clk 0:14:45]} 44. Kf5 {[%clk 0:00:35]} Re3 {[%clk 0:14:44]} 45. Kxg4 {[%clk
0:00:31]} Re5 {[%clk 0:13:04]} 46. Rg5 {[%clk 0:00:38]} Re1 {[%clk 0:12:30]} 47.
a5 {[%clk 0:00:34]} Rd1 {[%clk 0:12:37]} 48. Rg8+ {[%clk 0:00:34]} Kd7 {[%clk
0:13:02]} 49. Rg7+ {[%clk 0:01:01]} Kd8 {[%clk 0:12:18]} 50. Kf5 {[%clk 0:00:35]}
Rxd5+ {[%clk 0:11:13]} 51. Ke6 {[%clk 0:01:02]} Rxa5 {[%clk 0:11:29]} 52. Kxd6
{[%clk 0:01:29]} Ke8 {[%clk 0:11:52]} 53. Kc6 {[%clk 0:01:08]} Ra1 {[%clk
0:11:26]} 1/2-1/2

[Event "CECLUB Segunda División"]
[Site "Linares"]
[Date "2017.08.11"]
[Round "6"]
[White "Perez Mitjans, Orelvis"]
[Black "Bressac, Stephane"]
[Result "1-0"]
[Board "3"]
[WhiteTitle "GM"]
[WhiteElo "2399"]
[WhiteCountry "ESP"]
[WhiteFideId "3502856"]
[WhiteEloChange "9"]
[BlackTitle "FM"]
[BlackElo "2365"]
[BlackCountry "FRA"]
[BlackFideId "655945"]
[BlackEloChange "-9"]

1. e4 {[%clk 1:30:30]} d6 {[%clk 1:30:48]} 2. d4 {[%clk 1:28:40]} Nf6 {[%clk
1:31:10]} 3. f3 {[%clk 1:28:21]} d5 {[%clk 1:31:08]} 4. e5 {[%clk 1:27:32]} Nfd7
{[%clk 1:31:30]} 5. f4 {[%clk 1:26:56]} c5 {[%clk 1:31:46]} 6. Nf3 {[%clk
1:26:03]} cxd4 {[%clk 1:29:59]} 7. Nxd4 {[%clk 1:22:48]} Nc6 {[%clk 1:29:48]} 8.
e6 {[%clk 1:19:18]} fxe6 {[%clk 1:30:10]} 9. Nxe6 {[%clk 1:19:40]} Qb6 {[%clk
1:29:28]} 10. Nc3 {[%clk 1:13:27]} Nf6 {[%clk 1:07:38]} 11. Nxd5 {[%clk 1:12:59]}
Nxd5 {[%clk 1:08:00]} 12. Qxd5 {[%clk 1:13:27]} Bxe6 {[%clk 1:07:58]} 13. Qxe6
{[%clk 1:13:52]} Rd8 {[%clk 1:08:15]} 14. c3 {[%clk 1:08:06]} Rd6 {[%clk
1:05:01]} 15. Qb3 {[%clk 1:00:59]} Qc5 {[%clk 1:00:10]} 16. Bd2 {[%clk 1:00:35]}
g6 {[%clk 0:51:35]} 17. O-O-O {[%clk 0:59:45]} Bh6 {[%clk 0:49:33]} 18. g3 {[%clk
0:51:42]} e6 {[%clk 0:37:58]} 19. Qxb7 {[%clk 0:43:29]} O-O {[%clk 0:37:50]} 20.
Qb5 {[%clk 0:43:54]} Qf2 {[%clk 0:37:46]} 21. Qe2 {[%clk 0:44:06]} Qc5 {[%clk
0:33:59]} 22. Qe4 {[%clk 0:42:18]} Rfd8 {[%clk 0:23:03]} 23. Bh3 {[%clk 0:42:13]}
e5 {[%clk 0:17:38]} 24. Be3 {[%clk 0:39:06]} Nd4 {[%clk 0:18:05]} 25. Kb1 {[%clk
0:35:18]} Rb8 {[%clk 0:17:33]} 26. Be6+ {[%clk 0:29:37]} Rxe6 {[%clk 0:11:51]}
27. Rxd4 {[%clk 0:29:48]} Qa5 {[%clk 0:10:00]} 28. Rd5 {[%clk 0:28:14]} Qc7
{[%clk 0:08:58]} 29. Rhd1 {[%clk 0:27:47]} Bf8 {[%clk 0:08:39]} 30. R5d3 {[%clk
0:23:06]} Qe7 {[%clk 0:06:49]} 31. Qc4 {[%clk 0:21:25]} Kh8 {[%clk 0:06:49]} 32.
fxe5 {[%clk 0:20:41]} Qa3 {[%clk 0:06:48]} 33. R1d2 {[%clk 0:20:49]} Ra6 {[%clk
0:06:07]} 34. Rd8 {[%clk 0:20:25]} 1-0

[Event "CECLUB Segunda División"]
[Site "Linares"]
[Date "2017.08.11"]
[Round "6"]
[White "Gutierrez Olivares, Daniel"]
[Black "Ruperez Benito, Antonio"]
[Result "0-1"]
[Board "4"]
[WhiteTitle "FM"]
[WhiteElo "2349"]
[WhiteCountry "ESP"]
[WhiteFideId "2264005"]
[WhiteEloChange "-11"]
[BlackTitle "FM"]
[BlackElo "2311"]
[BlackCountry "ESP"]
[BlackFideId "22245049"]
[BlackEloChange "11"]

1. e4 {[%clk 1:30:57]} e6 {[%clk 1:30:56]} 2. Qe2 {[%clk 1:30:51]} c5 {[%clk
1:31:20]} 3. g3 {[%clk 1:30:29]} Nc6 {[%clk 1:29:59]} 4. Nf3 {[%clk 1:30:38]} Be7
{[%clk 1:27:30]} 5. Bg2 {[%clk 1:29:23]} d5 {[%clk 1:26:49]} 6. d3 {[%clk
1:28:41]} Nf6 {[%clk 1:21:29]} 7. O-O {[%clk 1:27:10]} h6 {[%clk 1:18:01]} 8. h4
{[%clk 1:25:44]} b6 {[%clk 1:16:47]} 9. e5 {[%clk 1:25:26]} Nd7 {[%clk 1:17:08]}
10. c4 {[%clk 1:25:27]} d4 {[%clk 1:14:42]} 11. h5 {[%clk 1:23:09]} Bb7 {[%clk
1:14:28]} 12. Re1 {[%clk 1:21:52]} Qc7 {[%clk 1:13:36]} 13. Na3 {[%clk 1:21:32]}
a6 {[%clk 1:12:37]} 14. Nc2 {[%clk 1:19:55]} b5 {[%clk 1:05:15]} 15. b3 {[%clk
1:17:31]} Nb6 {[%clk 0:54:22]} 16. Nd2 {[%clk 1:11:35]} O-O-O {[%clk 0:46:23]}
17. cxb5 {[%clk 1:05:50]} axb5 {[%clk 0:46:18]} 18. a4 {[%clk 1:05:51]} b4 {[%clk
0:35:09]} 19. a5 {[%clk 1:04:15]} Nd5 {[%clk 0:35:26]} 20. Nc4 {[%clk 1:02:49]}
Na7 {[%clk 0:33:04]} 21. Qg4 {[%clk 0:56:27]} Rhg8 {[%clk 0:20:32]} 22. a6 {[%clk
0:44:46]} Bc6 {[%clk 0:18:12]} 23. Na5 {[%clk 0:41:41]} Ba8 {[%clk 0:18:38]} 24.
Bd2 {[%clk 0:40:22]} Nb5 {[%clk 0:16:57]} 25. Bxb4 {[%clk 0:20:35]} cxb4 {[%clk
0:13:50]} 26. Rec1 {[%clk 0:19:38]} Nbc3 {[%clk 0:11:44]} 27. Nxd4 {[%clk
0:19:26]} Bc5 {[%clk 0:07:07]} 28. Kh2 {[%clk 0:14:11]} Qxe5 {[%clk 0:05:09]} 29.
Ndc6 {[%clk 0:14:09]} Qf5 {[%clk 0:05:24]} 30. Qc4 {[%clk 0:10:20]} Qxh5+ {[%clk
0:04:00]} 31. Kg1 {[%clk 0:10:49]} Nb6 {[%clk 0:04:06]} 32. Rxc3 {[%clk 0:04:30]}
Nxc4 {[%clk 0:03:47]} 33. Rxc4 {[%clk 0:04:58]} Rxd3 {[%clk 0:02:47]} 34. g4
{[%clk 0:05:11]} Qg5 {[%clk 0:02:34]} 35. Rac1 {[%clk 0:05:40]} Rc3 {[%clk
0:02:11]} 36. R1xc3 {[%clk 0:05:24]} bxc3 {[%clk 0:02:40]} 37. b4 {[%clk
0:05:53]} Bxf2+ {[%clk 0:02:06]} 38. Kxf2 {[%clk 0:06:00]} Qd2+ {[%clk 0:02:29]}
39. Kg1 {[%clk 0:06:09]} c2 {[%clk 0:01:43]} 40. Nb3 {[%clk 0:03:28]} Qe3+ {[%clk
0:02:06]} 41. Kh2 {[%clk 0:03:04]} Qxb3 {[%clk 0:02:20]} 42. Ne5+ {[%clk
0:00:39]} Qxc4 {[%clk 0:02:44]} 43. Nxc4 {[%clk 0:01:07]} Bxg2 {[%clk 0:02:50]}
0-1

[Event "CECLUB Segunda División"]
[Site "Linares"]
[Date "2017.08.11"]
[Round "6"]
[White "Kurajica, Bojan"]
[Black "Vallejo Pons, Francisco"]
[Result "0-1"]
[Board "1"]
[WhiteTitle "GM"]
[WhiteElo "2525"]
[WhiteCountry "BIH"]
[WhiteFideId "14400057"]
[WhiteEloChange "-2"]
[BlackTitle "GM"]
[BlackElo "2717"]
[BlackCountry "ESP"]
[BlackFideId "2205530"]
[BlackEloChange "2"]

1. Nf3 {[%clk 1:30:55]} d5 {[%clk 1:30:19]} 2. e3 {[%clk 1:31:17]} c5 {[%clk
1:26:48]} 3. b3 {[%clk 1:31:37]} a6 {[%clk 1:25:40]} 4. c4 {[%clk 1:31:54]} d4
{[%clk 1:23:05]} 5. Ba3 {[%clk 1:31:58]} Qc7 {[%clk 1:21:51]} 6. exd4 {[%clk
1:28:32]} cxd4 {[%clk 1:22:06]} 7. g3 {[%clk 1:28:28]} e5 {[%clk 1:20:15]} 8.
Bxf8 {[%clk 1:27:50]} Kxf8 {[%clk 1:20:41]} 9. Bg2 {[%clk 1:27:25]} Nc6 {[%clk
1:17:43]} 10. d3 {[%clk 1:24:47]} g6 {[%clk 1:16:42]} 11. O-O {[%clk 1:24:59]}
Kg7 {[%clk 1:16:41]} 12. a3 {[%clk 1:23:36]} f5 {[%clk 1:12:49]} 13. Re1 {[%clk
1:18:34]} Nf6 {[%clk 1:11:35]} 14. Nbd2 {[%clk 1:13:13]} Re8 {[%clk 1:11:13]} 15.
Qc2 {[%clk 1:12:46]} Nd8 {[%clk 1:04:56]} 16. c5 {[%clk 1:05:47]} Nf7 {[%clk
1:04:24]} 17. Nc4 {[%clk 0:50:53]} Bd7 {[%clk 0:55:49]} 18. Nb6 {[%clk 0:49:59]}
Rad8 {[%clk 0:54:40]} 19. Nxd7 {[%clk 0:50:17]} Rxd7 {[%clk 0:46:30]} 20. Nd2
{[%clk 0:49:50]} Rde7 {[%clk 0:42:37]} 21. Qc4 {[%clk 0:46:01]} h5 {[%clk
0:30:47]} 22. Qb4 {[%clk 0:41:13]} Qd7 {[%clk 0:24:12]} 23. Nc4 {[%clk 0:36:49]}
e4 {[%clk 0:17:27]} 24. dxe4 {[%clk 0:28:55]} fxe4 {[%clk 0:11:24]} 25. Nd6
{[%clk 0:25:00]} Nxd6 {[%clk 0:08:54]} 26. cxd6 {[%clk 0:25:25]} Re6 {[%clk
0:09:21]} 27. Bh3 {[%clk 0:25:33]} d3 {[%clk 0:05:55]} 28. Rac1 {[%clk 0:19:07]}
Qxd6 {[%clk 0:05:21]} 29. Bxe6 {[%clk 0:19:20]} Qxb4 {[%clk 0:04:25]} 30. axb4
{[%clk 0:19:45]} Rxe6 {[%clk 0:04:53]} 31. Rc7+ {[%clk 0:20:03]} Kh6 {[%clk
0:05:03]} 32. Rc4 {[%clk 0:15:15]} Rd6 {[%clk 0:05:19]} 33. h4 {[%clk 0:09:35]}
b5 {[%clk 0:05:11]} 34. Rc8 {[%clk 0:09:15]} Rd4 {[%clk 0:04:09]} 35. Rec1 {[%clk
0:08:01]} Nd5 {[%clk 0:02:17]} 36. Rd8 {[%clk 0:05:00]} d2 {[%clk 0:00:56]} 37.
Rd1 {[%clk 0:05:26]} Kg7 {[%clk 0:00:47]} 38. Rd6 {[%clk 0:03:53]} Rd3 {[%clk
0:00:40]} 39. Kh2 {[%clk 0:02:07]} Kf7 {[%clk 0:00:51]} 40. Rxa6 {[%clk 0:02:01]}
Nc3 {[%clk 0:00:43]} 41. Raa1 {[%clk 0:02:19]} Ke6 {[%clk 0:00:49]} 42. Kg2
{[%clk 0:02:41]} Ke5 {[%clk 0:00:50]} 0-1

[Event "CECLUB Segunda División"]
[Site "Linares"]
[Date "2017.08.11"]
[Round "6"]
[White "Arizmendi Martinez, Julen Luis"]
[Black "Barlov, Dragan"]
[Result "1-0"]
[Board "2"]
[WhiteTitle "GM"]
[WhiteElo "2513"]
[WhiteCountry "ESP"]
[WhiteFideId "2205092"]
[WhiteEloChange "4"]
[BlackTitle "GM"]
[BlackElo "2425"]
[BlackCountry "SRB"]
[BlackFideId "900214"]
[BlackEloChange "-4"]

1. e4 {[%clk 1:30:12]} c5 {[%clk 1:30:19]} 2. Nf3 {[%clk 1:28:05]} e6 {[%clk
1:30:14]} 3. d4 {[%clk 1:28:11]} cxd4 {[%clk 1:30:35]} 4. Nxd4 {[%clk 1:28:36]}
a6 {[%clk 1:30:26]} 5. Bd3 {[%clk 1:28:14]} g6 {[%clk 1:21:41]} 6. O-O {[%clk
1:25:39]} Bg7 {[%clk 1:20:49]} 7. Nb3 {[%clk 1:25:10]} Ne7 {[%clk 1:20:01]} 8. c4
{[%clk 1:24:30]} O-O {[%clk 1:19:44]} 9. Nc3 {[%clk 1:23:57]} Nbc6 {[%clk
1:08:54]} 10. Be2 {[%clk 1:18:36]} f5 {[%clk 0:49:10]} 11. Bg5 {[%clk 1:09:56]}
h6 {[%clk 0:46:05]} 12. Bf4 {[%clk 0:45:31]} fxe4 {[%clk 0:40:21]} 13. Qd2 {[%clk
0:45:38]} Kh7 {[%clk 0:24:20]} 14. Bd6 {[%clk 0:45:01]} e3 {[%clk 0:24:33]} 15.
fxe3 {[%clk 0:44:41]} Rxf1+ {[%clk 0:24:45]} 16. Rxf1 {[%clk 0:45:01]} Nf5 {[%clk
0:24:41]} 17. Ne4 {[%clk 0:35:11]} b5 {[%clk 0:14:24]} 18. c5 {[%clk 0:08:22]}
Ne5 {[%clk 0:08:26]} 19. Na5 {[%clk 0:06:57]} Nf7 {[%clk 0:06:16]} 20. b4 {[%clk
0:06:59]} Ra7 {[%clk 0:00:45]} 21. Bb8 {[%clk 0:02:39]} Ra8 {[%clk 0:01:14]} 22.
Bf4 {[%clk 0:02:51]} e5 {[%clk 0:00:40]} 23. Qd5 {[%clk 0:02:40]} Rb8 {[%clk
0:00:39]} 24. Qxf7 {[%clk 0:02:50]} exf4 {[%clk 0:01:00]} 25. Rxf4 {[%clk
0:01:40]} Bb7 {[%clk 0:00:33]} 26. Nxb7 {[%clk 0:00:59]} Rxb7 {[%clk 0:01:02]}
27. Rxf5 {[%clk 0:00:39]} gxf5 {[%clk 0:01:23]} 28. Qxf5+ {[%clk 0:00:48]} Kh8
{[%clk 0:01:04]} 29. Nd6 {[%clk 0:00:36]} Qe7 {[%clk 0:00:36]} 30. Bd3 {[%clk
0:00:34]} Qxe3+ {[%clk 0:00:33]} 31. Kf1 {[%clk 0:01:02]} Qc1+ {[%clk 0:00:44]}
32. Ke2 {[%clk 0:01:22]} 1-0